000 00867nas a2200289 4500
001 BR0000807
003 BR-BrBNA
005 20231205101741.0
007 ta
008 230509b bl.|||p| |||| 00| 00por d
040 _aBR-BrBNA
_bpor
_cBiblioteca Nacional de Agricultura
041 _a(Pt)
072 _aL50
100 1 _aShimoda, E.
100 1 _aAndrade, D.R.
100 1 _aCruz, G.M.
100 1 _aSilva, J.F.S.
100 1 _aGodinho, H.P.
245 1 _aCaracterizacao quimica do plasma seminal do pacu (Piaractus mesopotamicus Holmberg, 1887)hipofisado
650 _aPacu
650 _aSemen
650 _aAnalise Quimica
650 _aHipofise
773 0 _tRevista Brasileira de Reproducao Animal (Brazil)
_xISSN 0102-0803
_g(Jul-Sep 1999), v. 23(3) p. 248-250
_wBR0000807
909 _a202311
_bLúcia
_c55
_dLúcia Elande
942 _2AGRIS
_n0
_cANA
999 _c163654
_d163654